| 000 | 00603nam a22002057a 4500 | ||
|---|---|---|---|
| 003 | OSt | ||
| 005 | 20140310182437.0 | ||
| 008 | 130221t xxu||||| |||| 00| 0 eng d | ||
| 020 | _a9718581618 | ||
| 050 |
_aBF 121 _b.B352 2003 |
||
| 082 |
_a _b |
||
| 245 |
_aModules in general psychology _cEdgar L. Bautista, Miriam Grace B. Aquino, Cipriano R. Magnaye,Jr.; edited by Ernie T, Bhagwani |
||
| 260 |
_aQuezon City : _bGreat Books Trading, _c2003. - |
||
| 300 |
_a vi, 171 p. : _b ill. ; _c23 cm. |
||
| 521 | _a | ||
| 526 | _c | ||
| 541 | _j1 | ||
| 562 | _e1 | ||
| 942 |
_2lcc _cSSLC _k |
||
| 999 |
_c13467 _d13467 |
||